5 Seconds of Summer Sounds Good Feels Good Album Songs - Statistics

General Stats
  • This quiz has been taken 1,258 times
  • The average score is 13 of 15
Answer Stats
Hint Answer % Correct
My girlfriends bitchin' cause i always sleep in Shes Kinda Hot
99%
And the chemicals moving between us, are the reason to start again Jet Black Heart
94%
We don't have to live this way. We can some. Yeah we can all get paid Hey Everybody
93%
Black jeans, white tee, black converse. You know she gets it right. Blue hair blue eyes i saw her. Money
93%
Hey mom, hey dad, when did this end? When did you lose your happiness? Broken Home
92%
I was already missing;from the night i left. Who am i, who am i? Invisible
87%
So talk, talk, talk. Tell me what you want, want, want Vapor
87%
I say 9 to 5 is overrated and we all fall down Permanent Vacation
86%
I want a little bit of California, and a little bit of London sky. I wanna take my heart to the end of the world Fly Away
83%
The pieces of 5 broken hearts back together. Throwing rocks at your broken window Safety Pin
83%
Oh say, can you see, this is not who im supposed to be. Without you im nobody killing time Catch Fire
82%
Cut through the sky, like angels can fly. We'll never die Airplanes
80%
Late night conversations led to complications. And now my heart is in my hands Castaway
79%
Taste in your tongue. Smoke in your lungs. And i need your love Waste the Night
79%
So look at me in they eyes, is anyone there at all. Is anyne there at all? Cause im not leaving The Girl Who Cried Wolf
75%
No matching quizzes found
Score Distribution
Percent of People with Each Score
Percentile by Number Answered
Your Score History
You have not taken this quiz